000 00798nam a2200217 a 4500
001 15946
003 CO-ViMGA
008 141112s2004 ck r 000 u spa d
020 _a9589206824
040 _aCO-ViMGA
_bspa
_cCO-ViMGA
082 0 4 _a378.17 E528e
100 1 _aConvenio Andres Bello,
_922893
245 1 0 _aEncuentro entre innovadores e investigadores en educación :
_bProcesos pedagógicos alrededor de los proyectos educativos institucionales
260 _aBogotá,
_cConvenio Andres Bello,
_c1996
300 _a283.p.
590 _aForma de adquisición : Donacion Biblioteca Nacinal 2003 - - Precio :
_20.000
650 1 4 _aEVALUACION DE PROYECTOS EDUCATIVOS
_922894
650 1 4 _aPolítica EDUCATIVA - COLOMBIA
_922895
650 1 4 _aPROYECTOS EDUCATIVOS
_94771
942 _2ddc
_cBK
999 _c25943
_d25943